Biblioteka Instytutu Północnego w Olsztynie

Drogi awansu społecznego robotnika : (Rekord nr 27716)

Szczegóły MARC
000 -Nagłówek
fixed length control field 01878cam a2200505 i 4500
001 - Nr kontrolny bibl., która utworzyła rek.
control field zz2003829186
003 - Siglum bibl., której nr kontr. jest w 001
control field NUKAT
005 - Data i czas ostatniej operacji
control field 20260422112305.0
008 - Elementy pola stałej długości
fixed length control field 030807s1979 pl a f |000 0 pol c
020 ## - ISBN
ISBN 8320531284
dopowiedzenie (oprawa twarda)
035 ## - Systemowy numer kontrolny
systemowy numer kontrolny (OCoLC)830280233
035 ## - Systemowy numer kontrolny
systemowy numer kontrolny (NUKAT)zz2003829186
040 ## - Instytucja sporządzająca opis
Instytucja, która sporządziła opis GD U/1AA
język katalgowania-trzyzn. kod pol
zasady opisu rda
Instytucja, która sporządziła rekord GD U/1AA
Instytucja, która zmodyfikowała rekord GD U/1AA
-- KIEL 010/MSs
-- POZN 004/EH
-- SAND 001/DRs
-- OLSZT 008/bak
045 2# - Okres czasu dla zawartości
czas między r. 9999 pne a nasz. czas. d1888
-- d1920
046 ## - Kod rodz. daty, data1, data2 (daty pne)
Begin/single date 1979
100 1# - Hasło główne-nazwa osobowa
Nazwa osobowa Chałasiński, Józef
Daty biograficzne (1904-1979).
rodzaj współpracy Autor
9 (RLIN) 22751
245 10 - Tytuł właściwy i oznaczenie odpow.
tytuł Drogi awansu społecznego robotnika :
dodatek do tytułu studium oparte na autobiografiach robotników /
dod. inf. ze s. tyt./ozn. odpow. Józef Chałasiński.
250 ## - Oznaczenie wydania
oznaczenie wydania Wyd. I.
260 ## - Adres wydawniczy
miejsce wydania, dystrybucji itp. Warszawa :
nazwa wydawcy, dystrybutora itp. Ludowa Spółdzielnia Wydawnicza,
data wydania, dystrybucji itp. 1979.
300 ## - Opis fizyczny
objętość i/lub forma materiału 231, [4] strony, [1] karta tablic ;
format 22 cm.
336 ## - Content Type
Term Tekst
Code txt
Source rdacontent
337 ## - Media Type
Term Bez urządzenia pośredniczącego
Code n
Source rdamedia
338 ## - Carrier Type
Term Wolumin
Code nc
Source rdacarrier
380 ## - Form of work
Form of work Książki
380 ## - Form of work
Form of work Publikacje naukowe
388 1# - TIME PERIOD OF CREATION
Time period of creation term 1901-2000
388 1# - TIME PERIOD OF CREATION
Time period of creation term 1945-1989
504 ## - Uwaga o bibliografii
uwaga o bibliografii Bibliografia prac Józefa Chałasińskiego na stronach 229-[232].
648 #7 - SUBJECT ADDED ENTRY--CHRONOLOGICAL TERM
Chronological term 1801-1900
Source of heading or term DBN
9 (RLIN) 36037
648 #7 - SUBJECT ADDED ENTRY--CHRONOLOGICAL TERM
Chronological term 1901-2000
Source of heading or term DBN
9 (RLIN) 34996
648 #7 - SUBJECT ADDED ENTRY--CHRONOLOGICAL TERM
Chronological term 1901-1914
Source of heading or term DBN
9 (RLIN) 36038
648 #7 - SUBJECT ADDED ENTRY--CHRONOLOGICAL TERM
Chronological term 1914-1918
Source of heading or term DBN
9 (RLIN) 36040
648 #7 - SUBJECT ADDED ENTRY--CHRONOLOGICAL TERM
Chronological term 1918-1939
Source of heading or term DBN
9 (RLIN) 36041
650 #7 - Hasło przedmiotowe-nazwa pospolita
nazwa pospolita lub geogr. Awans społeczny
źródło hasła DBN
9 (RLIN) 40382
650 #7 - Hasło przedmiotowe-nazwa pospolita
nazwa pospolita lub geogr. Robotnicy
źródło hasła DBN
9 (RLIN) 35743
650 #7 - Hasło przedmiotowe-nazwa pospolita
nazwa pospolita lub geogr. Awans społeczny.
źródło hasła kaba
9 (RLIN) 40386
650 #7 - Hasło przedmiotowe-nazwa pospolita
nazwa pospolita lub geogr. Klasa robotnicza
określnik geograficzny Polska
określnik chronologiczny 1870-1914.
źródło hasła kaba
9 (RLIN) 40383
650 #7 - Hasło przedmiotowe-nazwa pospolita
nazwa pospolita lub geogr. Klasa robotnicza
określnik geograficzny Polska
określnik chronologiczny 1900-1945.
źródło hasła kaba
9 (RLIN) 29404
650 #7 - Hasło przedmiotowe-nazwa pospolita
nazwa pospolita lub geogr. Socjologia pracy
określnik geograficzny Polska
określnik chronologiczny 1900-1945.
źródło hasła kaba
9 (RLIN) 40385
651 #7 - Hasło przedmiotowe-nazwa geogr.
nazwa geograficzna Polska
źródło hasła DBN
9 (RLIN) 35076
658 ## - Nazwa określająca cel programu nauczania
główny cel programu nauczania Socjologia i społeczeństwo
710 2# - Hasło dodatkowe - nazwa ciała zbior.
nazwa ciała zbior. lub nazwa geogr. Ludowa Spółdzielnia Wydawnicza.
rodzaj współpracy Wydawca
kod rodzaju współpracy pbl
9 (RLIN) 17233
920 ## - ISBN
ISBN 83-205-3128-4 (oprawa twarda)
942 ## - ADDED ENTRY ELEMENTS (KOHA)
Source of classification or shelving scheme Dewey Decimal Classification
Koha item type pozycje dostępne na miejscu
Egzemplarze
Status wycofania Status zagubienia Klasyfikacja Status uszkodzenia Blokada wypożyczeń Kolekcja Lokalizacja macierzysta Lokalizacja bieżąca Data nabycia Numer akcesji Źródło akcesji Cena Nr inwentarzowy il. wypożyczeń Sygnatura Kod kreskowy Date last seen Price effective from Typ egz.
    Dewey Decimal Classification nieuszkodzona   książka w magazynie Biblioteka Instytutu Północnego w Olsztynie Biblioteka Instytutu Północnego w Olsztynie 05/07/2017 D-46/2017 dar 10.00 59924   59924 IPWK21625 22/04/2026 22/04/2026 pozycje dostępne na miejscu
Biblioteka Instytutu Północnego, ul. Partyzantów 87, 10-402 Olsztyn, email: biblioteka(at)ip.olsztyn.pl